01332nam a2200337 a 4500001001200000003000800012006001900020007001500039008004100054010001700095020002800112040002100140035002100161050002200182082001600204245016900220260004200389300002300431504005100454533015200505650002600657650002800683650003300711650001200744655002900756700002500785700002200810710001700832856012600849999001900975ebr10173679CaPaEBRm u cr cn|||||||||050822s2006 maua sb 001 0 eng  z 2005054008 z0262025957 (alk. paper) aCaPaEBRcCaPaEBR a(OCoLC)56800074614aHD75b.L59 2006eb04a339.4/222200aLiving standards and the wealth of nationsh[electronic resource] :bsuccesses and failures in real convergence /cedited by Leszek Balcerowicz and Stanley Fischer. aCambridge, Mass. :bMIT Press,c2006. avi, 434 p. :bill. aIncludes bibliographical references and index. aElectronic reproduction.bPalo Alto, Calif. :cebrary,d2013.nAvailable via World Wide Web.nAccess may be limited to ebrary affiliated libraries. 0aEconomic development. 0aConvergence (Economics) 0aCost and standard of living. 0aWealth. 7aElectronic books.2local1 aBalcerowicz, Leszek.1 aFischer, Stanley.2 aebrary, Inc.40uhttp://site.ebrary.com/lib/rucke/Doc?id=10173679zAn electronic book accessible through the World Wide Web; click to view c248298d248298